| 000 | 01156 a2200229 4500 | ||
|---|---|---|---|
| 003 | Nust | ||
| 005 | 20220819112559.0 | ||
| 010 | _a 2004046249 | ||
| 020 | _a1580536344 (alk. paper) | ||
| 040 | _cNust | ||
| 082 | 0 | 0 | _a621.384,BAR |
| 100 | 1 |
_aBarbarossa, Sergio. _956654 |
|
| 245 | 1 | 0 |
_aMultiantenna wireless communications systems / _cSergio Barbarossa. |
| 260 |
_aBoston, Mass. : _bArtech House, _cc2005. |
||
| 300 |
_axv, 448 p. : _bill. ; _c24 cm. |
||
| 440 | 0 |
_aArtech House mobile communications library _994459 |
|
| 505 | _aIntroduction (Page-1), Channel Models and Modes (Page-27), Multicarrier Systems (Page-91), Multiple Access Systems (Page-121), Diversity and Multiplexing Gain in Open-Loop MIMO Systems (Page-175), Optimal Design of Closed-Loop MIMO Systems (Page-229), Space-Time Coding for Flat-Fading Channels (Page-303), Space-Time Coding for Frequency-Selective Channels (357), Space-Time Coding for Multiuser Systems (Page-381), Cooperative Networks (Page-395). | ||
| 650 | 0 |
_aMobile communication systems. _918556 |
|
| 650 | 0 | _aTelecommunication engineering | |
| 650 | 0 |
_aWireless communication systems. _9594 |
|
| 942 |
_cREF _2ddc |
||
| 999 |
_c188044 _d188044 |
||